000 00640nam a2200253 a 4500
001 nice12345678
003 IN_TiNIC
005 20260116015204.0
008 050524s1999 dela grp 000 0 eng
020 _a
_c100
082 0 0 _a704.94897
_bMIC
100 _aMichell, George
245 _aNew Cambridge History India Vol. 1;7
260 _aDelhi
_bIndian Publishers Distributors
_c1999
300 _a297p
500 _aincludes index and biblioraphy
505 2 _aBibliography, Index
650 _aArt-Islamic
650 _aArt-Mughal
650 _aArchitecture-Mughal
902 _bSRS
942 _cBK
999 _c18679
_d18679